[Event "Linares 27th"]
[Site "Linares"]
[Date "2010.02.19"]
[Round "6"]
[White "Grischuk, Alexander"]
[Black "Aronian, Levon"]
[Result "1/2-1/2"]
[WhiteElo "2736"]
[BlackElo "2781"]
[Annotator "Krasenkow,M"]
[PlyCount "201"]
[EventDate "2010.02.13"]
[EventType "tourn"]
[EventRounds "10"]
[EventCountry "ESP"]
[EventCategory "21"]
[SourceTitle "CBM 135"]
[Source "ChessBase"]
[SourceDate "2010.03.17"]
[SourceVersion "1"]
[SourceVersionDate "2010.03.17"]
[SourceQuality "1"]

1. d4 Nf6 2. c4 e6 3. Nf3 d5 4. Nc3 dxc4 5. e4 Bb4 6. Bg5 h6 7. Bxf6 Qxf6 8.
Bxc4 c5 9. O-O cxd4 (9... O-O {- see Kramnik-Ivanchuk in this issue.}) 10. e5 (
10. Qa4+ Nc6 11. Bb5 O-O 12. Bxc6 bxc6 13. Qxb4 dxc3 14. Rab1 cxb2 15. e5 Qg6
16. Rxb2 Ba6 17. Rd1 Rfd8 18. Rd6 Bd3 $1 $15 {0-1 Goglidze,V-Alatortsev,V/
Leningrad 1936/EXT 1998 (31)}) (10. Nb5 $5 Qe7 11. Qxd4 (11. a3 Bc5 12. b4 Bb6
13. e5 O-O 14. Nbxd4 Rd8 15. Ra2 Qc7 16. Bb3 Nc6 17. Rd2 Nxd4 18. Nxd4 Qc3 $15
{1/2 Kiss,P (2420)-Labahn,W (2225)/Eger 1993/EXT 1997 (22)}) 11... O-O 12. Nxa7
Bd7 13. Nb5 Nc6 14. Qe3 (14. Qd1 Na5 15. Bd3 Rfd8 16. Qe2 Be8 17. a3 Nb3 18.
Rad1 Bc5 19. Bc2 Bxb5 20. Qxb5 Nd4 21. Nxd4 Bxd4 {1/2 Wahlbom,M-Polgar,I/
Dresden 1969/EXT 2003}) 14... Rfc8 15. Qe2 Bc5 16. Rad1 Be8 17. a3 Na5 18. Ba2
Bxb5 19. Qxb5 Nc6 20. g3 Rd8 21. Kg2 g5 22. h3 Nd4 23. Nxd4 Bxd4 24. Rd2 $16 {
1-0 Antic,D (2488)-Solomunovic,I (2416)/Bar 2005/CBM 105 ext (38)}) 10... Qd8 (
10... Qe7 11. Ne4 (11. Qxd4 O-O 12. Bd3 Bxc3 13. Qe4 g6 14. bxc3 Nd7 15. Rad1
Nc5 16. Qe3 Kg7 17. Bb5 b6 18. Rd4 Bb7 19. Rfd1 Rfd8 $11 {0-1 Bellanger,
M-Mujica,H/LSS 2007/Telechess CBM 129 (42)}) 11... O-O (11... Nc6 12. a3 Bc5
13. b4 Bb6 14. Nd6+ Kf8 15. Re1 Bd7 16. b5 Nxe5 17. Nxe5 Qxd6 18. Qf3 Be8 19.
Ng6+ Kg8 20. Nxh8 Kxh8 21. Qxb7 $16 {1/2 Zangiev,P (2315)-Bondarev,B/Krasnodar
1998/EXT 2000 (72)}) 12. Qxd4 Nc6 13. Qe3 Bd7 14. Bd3 Ba5 15. a3 Bc7 16. Rac1
Rac8 17. Nc5 Be8 18. Qe4 f5 19. exf6 Rxf6 20. Qh7+ Kf8 21. Qh8+ Kf7 22. Rfe1
$16 {1-0 Van der Sterren,P (2500)-Petursson,M (2530)/Munich 1989/CBM 013 (26)})
11. Ne4 (11. Nxd4 Bxc3 12. bxc3 a6 $6 (12... O-O) 13. Qg4 O-O 14. Rae1 Qc7 15.
Bd3 Nc6 16. Nxc6 Qxc6 17. Re3 f5 18. exf6 Rxf6 19. Rg3 Rf7 20. Qg6 $18 {
1-0 Krivoshey,S (2478)-Bordin,I (1919)/Frankfurt 2004/EXT 2005 (26)}) 11... O-O
12. Qe2 {We now get a position from Kramnik-Ivanchuk with 12.Ne4 instead of 12.
Rad1.} Bd7 13. Rfd1 (13. Rad1 {again leads to Kramnik-Ivanchuk.}) 13... Nc6 14.
a3 $5 {A new idea. Before starting his kingside attack, White seizes space on
the queenside.} Be7 15. b4 Qb8 {Black looks for counterplay.} ({To} 15... Qb6 {
White replies in quite a typical way:} 16. Ng3 Rfd8 17. Qe4 {[%cal Yc4d3,Yh2h4]
etc.}) 16. Ng3 b5 (16... Rd8 17. Qe4 Be8 18. h4 $1 $40 {[%cal Yc4d3]}) 17. Bxb5
{White must change his plan, but still obtains the better prospects.} (17. Bd3
a5 $1 $132) 17... Nxe5 18. Bxd7 Nxd7 19. Nxd4 Ne5 20. Nb3 $6 {This is too
passive, but it is not easy to find a way for an advantage.} (20. f4 Ng6 21.
Nxe6 $2 Qb6+ 22. Nd4 Bf6) (20. Nh5 g6 $1 21. f4 Nc6 $1 22. Nxe6 (22. Nxc6 Qb6+
23. Nd4 gxh5 $13 {[%cal Yf8d8,Ye7f6]}) 22... Qb6+ 23. Kh1 fxe6 (23... gxh5 24.
Qxh5 fxe6 25. Qg6+ Kh8 26. Qxh6+ Kg8 27. Qg6+ Kh8 28. Rd3 $18) 24. Qxe6+ Kh7
25. Rd7 (25. Rac1 Rad8 $1) (25. Rdc1 Qd4 $1) 25... gxh5 26. f5 Rad8 $1 27. Qg6+
Kh8 28. Qxh6+ Kg8 $11) (20. Qe4 $5 $36 {was probably the best option, e.g.} Rd8
21. h3 {[%cal Yf2f4,Yd4c6]}) 20... a6 21. Ne4 Qb5 22. Qxb5 axb5 23. Nd4 Rfd8 (
23... Rfb8 $5 24. Nc3 (24. f4 Nc4 25. Nc6 Rb7) 24... Bf6 $1 25. Ndxb5 Nc6 $44)
24. Nxb5 Rxd1+ 25. Rxd1 Nc4 26. Nec3 (26. Nc5 {doesn't win either:} Rb8 27. Na7
(27. Rc1 Nxa3 $1 28. Nxa3 Rxb4 29. Nc2 Bxc5 30. Nxb4 Bxb4 $11) (27. Rd4 Ne5 28.
Nd6 (28. a4 Nc6 29. Rd7 Bf8 {[%cal Rc6b4]}) 28... Rd8 29. Ncb7 Rd7 {[%csl Rb7,
Rd6]}) 27... Ra8 28. Nc6 Bxc5 29. bxc5 Rxa3 30. Rc1 Kf8 $1 $14) 26... Nxa3 27.
Ra1 Bxb4 $1 28. Nb1 Nxb5 29. Rxa8+ Bf8 {, and Black confidently hold this
endgame:} 30. h4 Nc7 31. Rc8 Nd5 32. Nd2 g6 33. Nc4 Kg7 34. g3 h5 35. Kg2 Bb4
36. Rb8 Kf6 37. Rb7 Bf8 38. Kf3 Bc5 39. Nd2 Kg7 40. Ne4 Be7 41. Ng5 Kf8 42. Ke2
Nf6 43. Kd3 Ng4 44. Nh7+ Ke8 45. Rb8+ Kd7 46. Ke2 Bd6 47. Rb7+ Ke8 48. Ng5 Nh6
49. Ne4 Nf5 50. Nxd6+ Nxd6 51. Ra7 Kf8 52. Kf3 Kg7 53. Rd7 Nf5 54. Kg2 Kf6 55.
f3 Nh6 56. Kh3 g5 57. hxg5+ Kxg5 58. Rd8 Kg6 59. Kg2 Kg7 60. Kf2 Nf5 61. Ra8
Kh7 62. Ra1 Kg6 63. Rg1 Kg5 64. Ke2 Kf6 65. Kd3 Ke5 66. Rg2 Kd5 67. g4 hxg4 68.
fxg4 Nd6 69. Rf2 Ke5 70. g5 Nf5 71. Rf1 Kd6 72. Ra1 Ke7 73. Ra8 Nh4 74. Ke3 Ng6
75. Rg8 Kd7 76. Kf3 Nh4+ 77. Kf4 Ke7 78. Ra8 Nf5 79. Ke4 Nh4 80. Kf4 Nf5 81.
Ke5 Ne3 82. Rc8 Nd5 83. Ke4 Kd7 84. Ra8 Ke7 85. Kf3 Nb6 86. Rb8 Nc4 87. Kg4
Ne3+ 88. Kf4 Nf5 89. Ke5 Ne3 90. Rb7+ Kf8 91. g6 (91. Kf6 $4 Ng4#) 91... fxg6
92. Kxe6 Nf5 93. Kf6 Ke8 94. Kxg6 Nd6 95. Rh7 Kd8 96. Kf6 Ne8+ 97. Ke6 Nc7+ 98.
Kd6 Ne8+ 99. Kc6 Nf6 100. Rf7 Ne8 101. Rd7+ 1/2-1/2

[Event "Linares 27th"]
[Site "Linares"]
[Date "2010.02.24"]
[Round "10"]
[White "Vallejo Pons, Francisco"]
[Black "Grischuk, Alexander"]
[Result "1/2-1/2"]
[WhiteElo "2705"]
[BlackElo "2736"]
[Annotator "Ftacnik,L"]
[PlyCount "63"]
[EventDate "2010.02.13"]
[EventType "tourn"]
[EventRounds "10"]
[EventCountry "ESP"]
[EventCategory "21"]
[SourceTitle "CBM 135"]
[Source "ChessBase"]
[SourceDate "2010.03.17"]
[SourceVersion "1"]
[SourceVersionDate "2010.03.17"]
[SourceQuality "1"]

1. e4 c5 2. Nf3 d6 3. d4 cxd4 4. Nxd4 Nf6 5. Nc3 a6 6. f3 Qb6 7. Nb3 e6 8. Bf4
{This modest move should be noted for its inherent qualities. White is
preparing the development of his queen with the idea that it can be useful in
various ways.} Qc7 (8... Nbd7 9. g4 (9. Qe2 Qc7 10. g4 Ne5 11. a4 h6 12. Be3
Bd7 13. f4 Nexg4 14. Bg1 h5 15. h3 Nh6 16. a5 d5 17. e5 Ne4 18. Nxe4 dxe4 19.
Bb6 Qc8 20. O-O-O Nf5 21. Rg1 Be7 22. Qxe4 Bc6 23. Qe1 $14 {1-0 Shimanov,A 
(2447)-Teterev,V (2487)/Lvov 2007 (59)}) 9... Be7 10. Qe2 (10. Qd2 Ne5 11. Be2
O-O 12. O-O-O Qc7 $13) 10... h6 11. h4 Qc7 12. O-O-O b5 13. a3 Rb8 14. Qg2 Nc5
(14... b4 {or} 15. axb4 Rxb4 16. g5 Nh5 17. Bd2 Nc5 $11) (14... Ne5 {Nc4}) 15.
g5 Nh5 16. Be3 Na4 $6 (16... Nxb3+ $5 17. cxb3 b4 18. axb4 Rxb4 19. Bc4 Qc6 (
19... d5 20. exd5 Nf4 21. Qc2 $14) 20. Qd2 a5 21. gxh6 gxh6 22. Kb1 Ba6 $13)
17. Rd3 $1 g6 18. Kb1 (18. gxh6 Nc5 19. Nxc5 dxc5 20. Qh2 Qxh2 21. Rxh2 Bf8 22.
Rhd2 Bb7 $13) 18... Bb7 19. Be2 e5 20. Qf2 Bc6 $6 (20... Nc5 21. Nxc5 dxc5 22.
Rhd1 b4 23. axb4 cxb4 24. Nd5 Bxd5 25. Rxd5 $16) 21. gxh6 $1 (21. Nd5 Bxd5 22.
Rxd5 Nb6 23. Rdd1 Nc4 24. Bc1 $14) 21... Nb6 22. f4 $1 (22. Nd5 Bxd5 23. exd5
Na4 $1 24. f4 $1 Nxf4 25. Bxf4 exf4 26. Qxf4 $16) 22... Nf6 $6 (22... exf4 23.
Bxf4 Nxf4 24. Qxf4 Nc4 25. Nd5 Bxd5 26. exd5 Ne5 (26... Bf8 27. h5 Bxh6 28. Qf6
) 27. Nd4 $3 Nxd3 28. Bxd3 $16) 23. fxe5 dxe5 24. Rf1 O-O 25. Nc5 $1 {1-0
Anand,V (2786)-Ponomariov,R (2700)/Wijk aan Zee 2005 (62)}) (8... Be7 9. Qd2
O-O 10. O-O-O Rd8 11. g4 Nfd7 12. Bxd6 Ne5 13. Nd5 exd5 14. Bxe7 Re8 15. Bc5
Qf6 16. f4 Nxg4 17. h3 Qh6 18. e5 Qh4 19. Bb5 axb5 20. hxg4 Qd8 21. f5 {
1-0 Feuerstack,A-Magalashvili,D/Chalkidiki 2003/ (42)}) 9. Qd2 Nc6 10. O-O-O
Ne5 11. Bg3 {From the g3-square the bishop squeezes the b8-h2 diagonal,
attacks the d6-pawn and supports the e4-e5 advance.} (11. Nd4 Be7 12. g4 O-O
13. h4 b5 14. h5 b4 15. Nb1 Nexg4 16. Bg3 Qc5 17. h6 g6 18. Nb3 Qe3 19. Bxd6
Rd8 20. Bxe7 Rxd2 21. N1xd2 Nf2 22. Bc5 Nxd1 23. Bxe3 Nxe3 24. Na5 Kf8 {
1/2-1/2 Anand,V (2788)-Grischuk,A (2720)/Mainz 2005}) 11... Be7 12. f4 Ned7 (
12... Nc6 13. Be2 O-O 14. Kb1 b5 $13) 13. Be2 e5 $1 {A huge part of success is
chess lies in understanding the problems on the board properly. Grischuk must
address the danger of White's e5 advance.} (13... O-O 14. e5 $1 Ne8 (14... dxe5
15. fxe5 Nxe5 16. Qg5 $18) 15. exd6 Bxd6 16. Bf3 $16) 14. Nd5 (14. h4 O-O 15.
h5 h6 16. Kb1 b5 $14) 14... Nxd5 15. exd5 (15. Qxd5 Nf6 16. Qd3 O-O 17. Rhf1
Bd7 $11) 15... Bf6 16. fxe5 Nxe5 (16... Bxe5 17. Kb1 O-O 18. Rde1 $14) 17. Rhf1
Qe7 {The bishop on f6 requires protection otherwise the rook will always
contemplate an exchange sacrifice.} 18. Kb1 (18. Rde1 O-O 19. Kb1 Re8 20. Nd4
Qd8 21. Nf3 $14) 18... O-O 19. Na5 Bd7 20. Qb4 (20. Nxb7 $2 Rfb8 21. Na5 Rxb2+
$19) 20... Rab8 $2 {[%mdl 32] Grischuk has a fascinating feeling for positions
and the right solution, but even he sometimes fails to spot the best idea.} (
20... Rfc8 21. Rde1 Bb5 $1 22. Nb3 $11) 21. Rde1 $1 b5 (21... Rfc8 22. Nc4 $1
$16) 22. Nc6 $5 {Black usually goes to great lengths to prevent the enemy
knight from moving to the c6-square.} (22. Bf3 Rbc8 23. Nc6 Bxc6 24. dxc6 Qc7
25. Bxe5 dxe5 26. Rd1 $16) 22... Bxc6 23. dxc6 Qc7 24. Qe4 $6 {Vallejo Pons
could not bring himself to the decision to give up the dark-squared bishop for
the support of the c6-pawn. White might have not won, but the defensive task
for Black would have been gruelling.} (24. Bxe5 $1 dxe5 (24... Bxe5 25. Bf3
Bxh2 26. Bd5 Be5 27. g4 $16) 25. Qe4 Rfd8 26. Rd1 Rxd1+ 27. Rxd1 Rd8 28. Rxd8+
Bxd8 29. Qd5 $16) 24... Rbe8 25. Qd5 Re6 $1 (25... Qxc6 26. Qxc6 Nxc6 27. Bxd6
Bh4 28. g3 Be7 29. Bf4 Nd4 30. Bg4 $14) 26. Bg4 (26. Bf3 Rc8 27. Bxe5 dxe5 28.
c3 $14) 26... Nxg4 27. Rxe6 fxe6 28. Qxe6+ Rf7 (28... Kh8 29. Qxg4 Qxc6 30. Qf3
d5 $11) 29. Qe8+ {The excitement is over, in the last round of the event both
players are happy to repeat the moves in an equal position.} (29. Qxg4 Qxc6 30.
a3 Qxg2 31. Qc8+ Rf8 32. Qe6+ Kh8 33. Re1 Be5 $11) 29... Rf8 30. Qe6+ Rf7 31.
Qe8+ Rf8 32. Qe6+ 1/2-1/2

[Event "Amber-blindfold 19th"]
[Site "Nice"]
[Date "2010.03.24"]
[Round "10"]
[White "Aronian, Levon"]
[Black "Grischuk, Alexander"]
[Result "1-0"]
[WhiteElo "2782"]
[BlackElo "2756"]
[PlyCount "75"]
[EventDate "2010.03.13"]
[EventType "tourn (rapid)"]
[EventRounds "11"]
[EventCountry "FRA"]
[EventCategory "20"]
[SourceTitle "CBM 135 Extra"]
[Source "ChessBase"]
[SourceDate "2010.05.04"]
[SourceVersion "1"]
[SourceVersionDate "2010.05.04"]
[SourceQuality "1"]

1. c4 Nf6 2. Nc3 e5 3. Nf3 Nc6 4. g3 Nd4 5. Bg2 Nxf3+ 6. Bxf3 Bb4 7. Qb3 Bc5 8.
O-O O-O 9. Bg2 Re8 10. d3 h6 11. h3 a6 12. Kh2 d6 13. Qc2 Rb8 14. b3 b5 15. Bb2
Bb7 16. Bxb7 Rxb7 17. e3 c6 18. Ne2 Qc8 19. Rac1 Nh7 20. cxb5 axb5 21. d4 exd4
22. exd4 Bb6 23. Nf4 Rc7 24. Rfe1 d5 25. a4 bxa4 26. bxa4 Ng5 27. Kg2 Ne4 28.
Re3 Qa8 29. Rb3 Ba7 30. Nxd5 Rcc8 31. Nc3 Nf6 32. Ne2 c5+ 33. d5 Qxd5+ 34. Rf3
Ne4 35. Nc3 Qc6 36. Nxe4 Rxe4 37. Qb3 c4 38. Qb5 1-0

[Event "Amber-rapid 19th"]
[Site "Nice"]
[Date "2010.03.23"]
[Round "9"]
[White "Smeets, Jan"]
[Black "Grischuk, Alexander"]
[Result "0-1"]
[WhiteElo "2651"]
[BlackElo "2756"]
[PlyCount "90"]
[EventDate "2010.03.13"]
[EventType "tourn (rapid)"]
[EventRounds "11"]
[EventCountry "FRA"]
[EventCategory "20"]
[SourceTitle "CBM 135 Extra"]
[Source "ChessBase"]
[SourceDate "2010.05.04"]
[SourceVersion "1"]
[SourceVersionDate "2010.05.04"]
[SourceQuality "1"]

1. e4 c5 2. Nf3 e6 3. d4 cxd4 4. Nxd4 a6 5. c4 Nf6 6. Nc3 Qc7 7. a3 b6 8. Be2
Bb7 9. f3 Be7 10. Be3 O-O 11. O-O d6 12. Qd2 Nbd7 13. Rac1 Rfc8 14. Rfd1 Rab8
15. b4 Ba8 16. Bf1 Qd8 17. Na4 Ne5 18. Qf2 Qe8 19. b5 Bd8 20. Nb2 a5 21. Nb3
Qe7 22. Na4 Nfd7 23. Qb2 Bc7 24. Bf2 h6 25. Rd4 Qg5 26. Bg3 Qe7 27. Rcd1 h5 28.
h4 Nc5 29. Nc3 a4 30. Nc1 d5 31. exd5 Nxf3+ 32. gxf3 Bxg3 33. Qg2 Be5 34. N1e2
Bxd4+ 35. Rxd4 exd5 36. Nxd5 Bxd5 37. Rxd5 Ne6 38. Nc3 Nf4 39. Qg3 Qe3+ 40. Kh1
Nxd5 41. Nxd5 Qh6 42. Ne7+ Kh8 43. Nxc8 Rxc8 44. Qe5 Kg8 45. c5 Qc1 0-1

[Event "World Cup ACP 4th"]
[Site "Odessa"]
[Date "2010.05.28"]
[Round "2.2"]
[White "Movsesian, Sergei"]
[Black "Grischuk, Alexander"]
[Result "1/2-1/2"]
[WhiteElo "2717"]
[BlackElo "2760"]
[PlyCount "137"]
[EventDate "2010.05.27"]
[EventType "k.o. (rapid)"]
[EventRounds "4"]
[EventCountry "UKR"]
[SourceTitle "CBM 136 Extra"]
[Source "ChessBase"]
[SourceDate "2010.07.02"]
[SourceVersion "2"]
[SourceVersionDate "2010.07.15"]
[SourceQuality "1"]

1. e4 e5 2. Nf3 Nf6 3. Nxe5 d6 4. Nf3 Nxe4 5. d4 d5 6. Bd3 Nc6 7. O-O Be7 8. c4
Nb4 9. Be2 O-O 10. Nc3 Bf5 11. a3 Nxc3 12. bxc3 Nc6 13. Re1 Re8 14. h3 Na5 15.
cxd5 Qxd5 16. Ne5 Bf6 17. Bf4 Qb3 18. Qc1 c5 19. Qe3 cxd4 20. cxd4 Bxe5 21.
Bxe5 Qxe3 22. fxe3 Be4 23. Rac1 Rac8 24. Bg4 Rxc1 25. Rxc1 Nc6 26. Bf4 Ne7 27.
Kf2 Nd5 28. Bg3 g6 29. Be5 f6 30. Bg3 Kf7 31. Bd1 Ke7 32. Rc5 Rd8 33. Bf3 Bxf3
34. gxf3 Nb6 35. Ra5 Ra8 36. a4 Kd7 37. Ke2 a6 38. Bh4 g5 39. Bf2 Rc8 40. Kd3
Rc1 41. e4 Rf1 42. Ke2 Ra1 43. d5 Ra2+ 44. Kf1 Nc4 45. Rc5 Ne5 46. Rc3 Rxa4 47.
Bb6 Rc4 48. Rb3 Rc1+ 49. Kf2 Rc2+ 50. Kg3 h5 51. h4 Ng6 52. hxg5 fxg5 53. Be3
h4+ 54. Kg4 b5 55. Kxg5 Rg2+ 56. Kf6 h3 57. e5 h2 58. Rb1 Ne7 59. e6+ Ke8 60.
Ke5 Re2 61. Ke4 Nxd5 62. Kxd5 Rxe3 63. f4 Ke7 64. f5 Kf6 65. Rf1 Re5+ 66. Kd6
Rxf5 67. Re1 Re5 68. Rf1+ Rf5 69. Re1 1/2-1/2

[Event "World Cup ACP 4th"]
[Site "Odessa"]
[Date "2010.05.28"]
[Round "3.2"]
[White "Grischuk, Alexander"]
[Black "Karjakin, Sergey"]
[Result "0-1"]
[WhiteElo "2760"]
[BlackElo "2739"]
[PlyCount "92"]
[EventDate "2010.05.27"]
[EventType "k.o. (rapid)"]
[EventRounds "4"]
[EventCountry "UKR"]
[SourceTitle "CBM 136 Extra"]
[Source "ChessBase"]
[SourceDate "2010.07.02"]
[SourceVersion "2"]
[SourceVersionDate "2010.07.15"]
[SourceQuality "1"]

1. d4 d5 2. c4 c6 3. Nf3 Nf6 4. cxd5 cxd5 5. Nc3 Nc6 6. Bf4 a6 7. Rc1 Bf5 8. e3
e6 9. Qb3 Ra7 10. Be2 Be7 11. O-O O-O 12. Ne5 Na5 13. Qd1 b5 14. g4 Bg6 15. h4
h6 16. Nxg6 fxg6 17. Bd3 Qe8 18. f3 h5 19. g5 Nd7 20. Qc2 Rxf4 21. exf4 Kh7 22.
Rce1 Nf8 23. Ne2 Nc4 24. Bxc4 bxc4 25. b3 Rc7 26. Qb1 Bd6 27. Rc1 Nd7 28. bxc4
dxc4 29. Kg2 Rc6 30. Qe4 Nb6 31. Nc3 Qd7 32. d5 exd5 33. Nxd5 Nxd5 34. Qxd5 Rc5
35. Qd4 Qc7 36. f5 gxf5 37. Rfe1 Be5 38. Qf2 c3 39. Rc2 Bf4 40. Re6 Rd5 41.
Ree2 Qc4 42. Qa7 Bd6 43. Re6 Bc7 44. Qf2 Qf4 45. Qe3 Qh2+ 46. Kf1 Rd1+ 0-1

[Event "World Cup ACP 4th"]
[Site "Odessa"]
[Date "2010.05.28"]
[Round "3.3"]
[White "Karjakin, Sergey"]
[Black "Grischuk, Alexander"]
[Result "1-0"]
[WhiteElo "2739"]
[BlackElo "2760"]
[PlyCount "93"]
[EventDate "2010.05.27"]
[EventType "k.o. (rapid)"]
[EventRounds "4"]
[EventCountry "UKR"]
[SourceTitle "CBM 136 Extra"]
[Source "ChessBase"]
[SourceDate "2010.07.02"]
[SourceVersion "2"]
[SourceVersionDate "2010.07.15"]
[SourceQuality "1"]

1. e4 c5 2. Nf3 d6 3. d4 cxd4 4. Qxd4 Nc6 5. Bb5 Bd7 6. Bxc6 Bxc6 7. Nc3 Nf6 8.
Bg5 e6 9. Qd3 Qa5 10. Bxf6 gxf6 11. O-O-O a6 12. Kb1 O-O-O 13. Nd4 Bd7 14. f4
Be7 15. Rhf1 Kb8 16. a3 Rc8 17. f5 h5 18. fxe6 fxe6 19. Nce2 Rhg8 20. g3 Ka8
21. Nf4 Qe5 22. Qb3 h4 23. Nf3 Qxe4 24. Rde1 Qa4 25. Qxa4 Bxa4 26. b3 Bb5 27.
c4 Bd7 28. Nxh4 b5 29. Nxe6 bxc4 30. Nf5 Bd8 31. b4 d5 32. Nc5 Bb5 33. Nd4 Bb6
34. Rxf6 Bxc5 35. bxc5 Rxc5 36. Re7 c3 37. Kc2 Ba4+ 38. Kc1 Bb5 39. a4 Bd3 40.
Nc6 Rxc6 41. Rxc6 d4 42. Rce6 Bg6 43. Rd7 Bf5 44. Red6 Re8 45. Rd8+ Rxd8 46.
Rxd8+ Kb7 47. Rxd4 1-0

[Event "World Cup ACP 4th"]
[Site "Odessa"]
[Date "2010.05.28"]
[Round "3.4"]
[White "Grischuk, Alexander"]
[Black "Karjakin, Sergey"]
[Result "1/2-1/2"]
[WhiteElo "2760"]
[BlackElo "2739"]
[PlyCount "224"]
[EventDate "2010.05.27"]
[EventType "k.o. (rapid)"]
[EventRounds "4"]
[EventCountry "UKR"]
[SourceTitle "CBM 136 Extra"]
[Source "ChessBase"]
[SourceDate "2010.07.02"]
[SourceVersion "2"]
[SourceVersionDate "2010.07.15"]
[SourceQuality "1"]

1. d4 Nf6 2. c4 e6 3. Nf3 b6 4. g3 Ba6 5. b3 Bb4+ 6. Bd2 Be7 7. Bg2 c6 8. Bc3
d5 9. Nbd2 O-O 10. Qc2 Nbd7 11. e4 dxe4 12. Nxe4 Nxe4 13. Qxe4 Bb7 14. O-O Qc7
15. Qe2 Bf6 16. Qc2 c5 17. dxc5 Qxc5 18. Ng5 Qxg5 19. Bxb7 Rad8 20. Rad1 a5 21.
Bd2 Qc5 22. Be4 g6 23. Bf4 Be5 24. Be3 Qc7 25. Bf3 Nc5 26. Kg2 Rxd1 27. Rxd1
Rd8 28. a3 Rxd1 29. Qxd1 Nd7 30. b4 axb4 31. axb4 Bd6 32. Qb3 Ne5 33. Be2 Nc6
34. c5 bxc5 35. bxc5 Be5 36. Qa4 Kg7 37. Bf3 Ne7 38. c6 h5 39. Qb5 Nf5 40. Bb6
Qb8 41. Qa5 Bd6 42. c7 Qc8 43. Qa7 Ne7 44. Bb7 Qd7 45. Qb8 Qb5 46. Be3 Nc6 47.
Qa8 Qd5+ 48. f3 Bxc7 49. Bxc6 Qb3 50. Qa1+ Kg8 51. Qc1 Qa2+ 52. Qd2 Qc4 53. Be4
Be5 54. Bd3 Qb3 55. Be2 Bf6 56. Bf2 Kg7 57. Qd3 Qb2 58. Qe4 Qa1 59. h4 Qb2 60.
Bd3 Qd2 61. Qe2 Qc3 62. Qc2 Qa3 63. Be4 Qb4 64. Qe2 Qc3 65. Qc2 Qb4 66. Bc6 Qd6
67. Bb5 Qd5 68. Be2 Qd6 69. Qe4 Qd2 70. g4 hxg4 71. fxg4 Qb2 72. h5 gxh5 73.
gxh5 Qe5 74. Qxe5 Bxe5 75. Be3 f5 76. Kh3 Bf6 77. Bd3 Kf7 78. Bc4 Bg7 79. Bb6
Bh6 80. Bc7 Kf6 81. Bd8+ Kf7 82. Kg3 Bd2 83. Kf3 Bc1 84. Ke2 Bb2 85. Bb3 Bf6
86. Bb6 Be7 87. Bc4 Kf6 88. Be3 e5 89. Bb5 f4 90. Bc1 Kg5 91. Be8 e4 92. Bg6
Bc5 93. Bd2 Bd4 94. Kf1 Be3 95. Bb4 f3 96. Be7+ Kh6 97. Bf8+ Kg5 98. Be8 Bd4
99. Be7+ Kh6 100. Bf8+ Kg5 101. h6 e3 102. Bg7 e2+ 103. Ke1 Bc5 104. Bc3 Kxh6
105. Bc6 Bf8 106. Bxf3 Bg7 107. Bd2+ Kh7 108. Kxe2 Kh8 109. Kd3 Bf6 110. Ke4
Bg7 111. Kf5 Ba1 112. Kg6 Bb2 1/2-1/2

[Event "Mainz Ordix op 17th"]
[Site "Mainz"]
[Date "2010.08.08"]
[Round "6"]
[White "Grischuk, Alexander"]
[Black "Kasimdzhanov, Rustam"]
[Result "0-1"]
[WhiteElo "2760"]
[BlackElo "2699"]
[PlyCount "188"]
[EventDate "2010.08.07"]
[EventType "swiss (rapid)"]
[EventRounds "11"]
[EventCountry "GER"]
[SourceTitle "CBM 137 Extra"]
[Source "ChessBase"]
[SourceDate "2010.09.01"]
[SourceVersion "1"]
[SourceVersionDate "2010.09.01"]
[SourceQuality "1"]

1. Nf3 Nf6 2. c4 c6 3. Nc3 d5 4. e3 g6 5. Be2 Bg7 6. O-O O-O 7. d4 dxc4 8. Bxc4
Bg4 9. h3 Bxf3 10. Qxf3 Nbd7 11. Rd1 e5 12. d5 e4 13. Nxe4 Ne5 14. Nxf6+ Bxf6
15. Qe2 Nxc4 16. Qxc4 cxd5 17. Rxd5 Rc8 18. Qb3 Qe7 19. Bd2 Qe4 20. Bb4 Rfd8
21. Rxd8+ Rxd8 22. Rc1 h5 23. Bc3 Rc8 24. Rd1 Bxc3 25. bxc3 Qc6 26. c4 Qxc4 27.
Qxb7 Rc7 28. Rd8+ Kh7 29. Qb8 Qc3 30. Kh2 Re7 31. Rd4 Qc5 32. Qf8 Qe5+ 33. g3
Qf6 34. Rf4 Qe6 35. g4 Rd7 36. gxh5 g5 37. h6 Qe5 38. Qc8 Rd5 39. Qf8 gxf4 40.
Qxf7+ Kxh6 41. Qf8+ Kg6 42. Qg8+ Kf6 43. Qf8+ Ke6 44. exf4 Qf6 45. Qe8+ Qe7 46.
Qc6+ Rd6 47. Qc8+ Kd5 48. Qf5+ Kd4 49. Qc2 Kd5 50. Qf5+ Kc6 51. Qc8+ Qc7 52.
Qa6+ Qb6 53. Qc8+ Kb5 54. Qc2 Qc5 55. Qb3+ Ka5 56. Qe3 Kb5 57. Qb3+ Qb4 58. Qe3
Rd4 59. Qe8+ Ka5 60. Qe5+ Ka4 61. f5 Qd2 62. Kg3 Rd3+ 63. f3 Ka3 64. f6 Rd5 65.
Qe7+ Kxa2 66. Qxa7+ Ra5 67. Qf7+ Ka1 68. h4 Qe1+ 69. Kh3 Qf1+ 70. Kg3 Qg1+ 71.
Kh3 Ra3 72. Qh5 Qe3 73. f7 Qf4 74. f8=Q Qxf8 75. Qe5+ Ka2 76. Qe2+ Kb1 77. Qd1+
Kb2 78. Qd2+ Kb3 79. Qd3+ Kb4 80. Qd4+ Ka5 81. Qa7+ Kb5 82. Qb7+ Kc5 83. Qc7+
Kd4 84. Qb6+ Ke5 85. Qc7+ Qd6 86. Qg7+ Kd5 87. Qg5+ Kc6 88. Kg4 Qe6+ 89. Kg3
Qe1+ 90. Kg4 Qg1+ 91. Kh5 Qxg5+ 92. hxg5 Rxf3 93. g6 Rg3 94. Kh6 Kd5 0-1

[Event "Mainz Ordix op 17th"]
[Site "Mainz"]
[Date "2010.08.08"]
[Round "10"]
[White "Grischuk, Alexander"]
[Black "Istratescu, Andrei"]
[Result "1-0"]
[WhiteElo "2760"]
[BlackElo "2620"]
[PlyCount "45"]
[EventDate "2010.08.07"]
[EventType "swiss (rapid)"]
[EventRounds "11"]
[EventCountry "GER"]
[SourceTitle "CBM 137 Extra"]
[Source "ChessBase"]
[SourceDate "2010.09.01"]
[SourceVersion "1"]
[SourceVersionDate "2010.09.01"]
[SourceQuality "1"]

1. d4 Nf6 2. c4 e6 3. g3 d5 4. Nf3 dxc4 5. Bg2 a6 6. O-O Nc6 7. e3 Bd7 8. Nc3
Bb4 9. Ne5 Bxc3 10. bxc3 Nxe5 11. dxe5 Nd5 12. Ba3 Qg5 13. Qd4 Bc6 14. h4 Qg6
15. Rfd1 f5 16. Qxc4 O-O-O 17. Qc5 Qe8 18. Qa7 Nb6 19. Rxd8+ Kxd8 20. Bxc6 bxc6
21. Rd1+ Kc8 22. Qxa6+ Kb8 23. Rb1 1-0